00446nam a2200181 a 4500001001300000003000900013005001700022008004100039020001000080082002000090100000700110245001600117260004000133500003500173505001400208650003500222700000700257nice12345678IN_TiNIC20260116011414.0050524s0000 chea grp 000 0 ara  ac10000a297.122555bHOL a,  aHoly Qur`an aChennai bLilly Soosai Opset c0000 aincludes index and biblioraphy2 aTwo Parts aQuran-Translation-persian-urdu1 a,